000 00429nam a2200157 i 4500
001 40897
003 ES-MaACL
005 20230906160332.0
007 t|
008 030307s1969 sp ||||1| spa d
100 1 _aCaro Romero, Joaquín.
_935410
245 1 0 _aTiempo sin nosotros /
_cJoaquín Caro Romero.
260 _aMadrid :
_bPrensa Española,
_c1969.
300 _a62 p. ;
_c18 cm.
852 _aES-MaACL
_jC-36505
_bR.69908
999 _c40897
_d40897